[Event "12th SC 1400/1800"]
[Site "SchemingMind.com"]
[Date "2006.06.14"]
[Round "-"]
[White "Nephi"]
[Black "carpediem"]
[Result "1-0"]
[WhiteCountry "ENG"]
[BlackCountry "USA"]
[WhiteElo "1673"]
[WhiteRD "71"]
[BlackElo "1837"]
[BlackRD "143"]
[GameID "55267"]

1. d4 Nf6 2. Nf3 e6 3. e3 b6 4. Bd3 Bb7 5. Nbd2 c5 6. c3 Be7 7. O-O O-O 8. a3 d5 9. Re1 c4 10. Bc2 Ne4
11. Nxe4 dxe4 12. Nd2 b5 13. Nxe4 Nc6 14. Qh5 a6 15. Nf6+
1-0

[Event "12th SC 1400/1800"]
[Site "SchemingMind.com"]
[Date "2006.06.14"]
[Round "-"]
[White "carpediem"]
[Black "Nephi"]
[Result "1-0"]
[WhiteCountry "USA"]
[BlackCountry "ENG"]
[WhiteElo "1839"]
[WhiteRD "100"]
[BlackElo "1686"]
[BlackRD "67"]
[GameID "55268"]

1. e4 c5 2. Nf3 Nc6 3. d4 cxd4 4. Nxd4 Nf6 5. Nc3 e5 6. Ndb5 d6 7. Nd5 Nxd5 8. exd5 Nb8 9. Bd3 Be7 10. O-O a6
11. Na3 b5 12. b3 O-O 13. Be3 Nd7 14. Qg4 Nf6 15. Qg3 Nh5 16. Qf3 Nf6 17. Bg5 Bg4 18. Qe3 Nxd5 19. Qe4 f5 20. Qxd5+ Kh8
21. Bxe7 Qxe7 22. h3 Bh5 23. Bxf5 Bf7 24. Qd3 g6 25. Be4 Rad8 26. Bd5 Bxd5 27. Qxd5 Qf6 28. c4 b4 29. Nc2 Rb8 30. Rad1 Rfd8
31. c5 dxc5 32. Qxc5 Rdc8 33. Qa7 Ra8 34. Qb7 Rab8 35. Qe4 a5 36. f4 Qb6+ 37. Ne3 Rc3 38. Qxe5+ Kg8 39. Rfe1 Rc2 40. Kh2 Rxa2
41. Rd7
1-0

[Event "12th SC 1400/1800"]
[Site "SchemingMind.com"]
[Date "2006.06.14"]
[Round "-"]
[White "Ashmaster"]
[Black "Nephi"]
[Result "0-1"]
[WhiteCountry "IRL"]
[BlackCountry "ENG"]
[WhiteElo "1519"]
[WhiteRD "60"]
[BlackElo "1630"]
[BlackRD "79"]
[GameID "55387"]

1. e4 c5 2. Nf3 Nc6 3. d4 cxd4 4. Nxd4 Nf6 5. Nc3 e5 6. Ndb5 d6 7. Bg5 a6 8. Na3 b5 9. Nd5 Be7 10. Bxf6 Bxf6
11. c3 Bb7 12. Nc2 Nb8 13. a4 bxa4 14. Rxa4 Nd7 15. Rb4 Nc5 16. Bd3 Nxd3+ 17. Qxd3 Bxd5 18. Qxd5 O-O 19. O-O a5 20. Rb6 Qxb6
0-1

[Event "12th SC 1400/1800"]
[Site "SchemingMind.com"]
[Date "2006.06.14"]
[Round "-"]
[White "Ashmaster"]
[Black "carpediem"]
[Result "1/2-1/2"]
[WhiteCountry "IRL"]
[BlackCountry "USA"]
[WhiteElo "1452"]
[WhiteRD "59"]
[BlackElo "1825"]
[BlackRD "85"]
[GameID "55388"]

1. e4 c5 2. Nf3 d6 3. d4 cxd4 4. Nxd4 Nf6 5. Nc3 a6 6. Bg5 e6 7. f4 Qb6 8. Qd2 Qxb2 9. Rb1 Qa3 10. f5 Nc6
11. fxe6 fxe6 12. Nxc6 bxc6 13. Be2 Be7 14. O-O Qc5+ 15. Be3 Qe5 16. Bf4 Qc5+ 17. Be3 Qa5 18. Bf3 Bd7 19. Bg5 Qc7 20. Rb3 O-O
21. Rfb1 Rab8 22. Rxb8 Rxb8 23. Rxb8+ Qxb8 24. h3 d5 25. exd5 cxd5 26. Bf4 Qb6+ 27. Be3 Bc5 28. Bxc5 Qxc5+ 29. Kh2 Ne4 30. Bxe4 Qc7+
31. Kg1 dxe4 32. Nxe4 e5 33. Qc3=
1/2-1/2

[Event "12th SC 1400/1800"]
[Site "SchemingMind.com"]
[Date "2006.06.15"]
[Round "-"]
[White "Nephi"]
[Black "Ashmaster"]
[Result "0-1"]
[WhiteCountry "ENG"]
[BlackCountry "IRL"]
[WhiteElo "1673"]
[WhiteRD "71"]
[BlackElo "1509"]
[BlackRD "55"]
[GameID "55389"]

1. d4 d5 2. e4 dxe4 3. Nc3 Nf6 4. f3 exf3 5. Nxf3 Bg4 6. h3 Bxf3 7. Qxf3 c6 8. Be3 e6 9. Bd3 Be7 10. O-O O-O
11. g4 Nbd7 12. Rf2 Qb6 13. b3 Qa5 14. Bd2 Qc7 15. Ne4 Rad8 16. Bf4 e5 17. dxe5 Nxe5 18. Qg3 Nfd7 19. Rd1 f6 20. Bc4+ Kh8
21. Rfd2 Qc8 22. Nd6 Bxd6 23. Rxd6 Nxc4 24. bxc4 Nb6 25. c5 Nc4 26. Rxd8 Rxd8 27. Rxd8+ Qxd8 28. Bd6 Nxd6 29. Qxd6 Qc8 30. a4 Kg8
31. Kf2 Kf7 32. Kf3 Qe6 33. Qc7+ Qe7 34. Qxe7+ Kxe7 35. Ke4 Ke6 36. c4 g6 37. a5 f5+ 38. gxf5+ gxf5+ 39. Kf4 Kf6 40. h4 h5
41. Kf3 Ke5 42. Ke3 a6 43. Kf3 f4 44. Kf2 Ke4 45. Ke2 f3+ 46. Kf2 Kf4 47. Kf1 Kg3
0-1

[Event "12th SC 1400/1800"]
[Site "SchemingMind.com"]
[Date "2006.06.14"]
[Round "-"]
[White "carpediem"]
[Black "Ashmaster"]
[Result "1-0"]
[WhiteCountry "USA"]
[BlackCountry "IRL"]
[WhiteElo "1839"]
[WhiteRD "100"]
[BlackElo "1464"]
[BlackRD "57"]
[GameID "55390"]

1. e4 c5 2. Nf3 d6 3. d4 cxd4 4. Nxd4 Nf6 5. Nc3 e6 6. g4 h6 7. h4 Nc6 8. Rg1 d5 9. exd5 Nxd5 10. Nxd5 Qxd5
11. c3 Bc5 12. Be3 O-O 13. Be2 Bxd4 14. cxd4 Bd7 15. g5 hxg5 16. hxg5 Ne7 17. b3 Rac8 18. Bc4 Qd6 19. Rh1 f5 20. Qh5 Nc6
21. g6
1-0

[Event "12th SC 1400/1800"]
[Site "SchemingMind.com"]
[Date "2006.06.15"]
[Round "-"]
[White "Masticore99"]
[Black "Ashmaster"]
[Result "1-0"]
[WhiteCountry "USA"]
[BlackCountry "IRL"]
[WhiteElo "1568"]
[WhiteRD "75"]
[BlackElo "1519"]
[BlackRD "60"]
[GameID "55414"]

1. e4 c5 2. Nf3 d6 3. d4 cxd4 4. Nxd4 Nf6 5. Nc3 g6 6. Bd3 Bg7 7. Be3 a6 8. f3 b5 9. a3 Bb7 10. Qd2 O-O
11. O-O-O Nbd7 12. Bh6 Nc5 13. Bxg7 Kxg7 14. h4 Nxd3+ 15. Qxd3 Qc7 16. g4 Rac8 17. Rdg1 Qb6 18. g5 Nh5 19. Qe3 b4 20. Nf5+
1-0

[Event "12th SC 1400/1800"]
[Site "SchemingMind.com"]
[Date "2006.06.15"]
[Round "-"]
[White "Masticore99"]
[Black "Nephi"]
[Result "1/2-1/2"]
[WhiteCountry "USA"]
[BlackCountry "ENG"]
[WhiteElo "1617"]
[WhiteRD "68"]
[BlackElo "1686"]
[BlackRD "67"]
[GameID "55415"]

1. e4 c5 2. Nf3 d6 3. d4 cxd4 4. Nxd4 Nf6 5. Nc3 a6 6. Bc4 e6 7. O-O Be7 8. Be3 b5 9. Bb3 O-O 10. a3 Bb7
11. Qd3 e5 12. Nf5 Nbd7 13. Rad1 Ne8 14. Bd5 Bxd5 15. Nxd5 Bf6 16. b4 Rc8 17. Qe2 Rc6 18. c3 g6 19. Ng3 Bg7 20. f4 Nef6
21. fxe5 Nxe5 22. Bg5 Ned7 23. Rf3 h6 24. Bxf6 Nxf6 25. Qe3 Re8 26. Nxf6+ Bxf6 27. Qa7 Re7 28. Qf2 Bxc3 29. Rdd3 Bg7 30. Rd1 Rec7
31. Qd2 Kh7 32. Rd3 Rd7 33. Rd5 Qb6+ 34. Kh1 Bc3 35. Qd3 Qc7 36. Ne2 f6 37. Nd4 Bxd4 38. Qxd4 Rc1 39. Qxf6 Rxd1+ 40. Rxd1 Qc2
41. Qd4 Qc4 42. Qb6 Qxe4 43. Qxa6 Qf5 44. h3 Qe5 45. Qc6 Qe6 46. Qxb5 d5 47. Qc5 Qe4 48. a4 Qe2 49. Rxd5 Rxd5 50. Qxd5 Qe1+
51. Kh2 Qxb4 52. Qf7+ Kh8 53. Qxg6 Qf4+ 54. Qg3 Qxa4 55. h4 Qb5 56. Qg6 Qe5+ 57. g3 Qe2+ 58. Kh3 Qf1+ 59. Kg4 Qe2+ 60. Kf5 Qb5+
61. Kf6=
1/2-1/2

[Event "12th SC 1400/1800"]
[Site "SchemingMind.com"]
[Date "2006.06.15"]
[Round "-"]
[White "Masticore99"]
[Black "carpediem"]
[Result "0-1"]
[WhiteCountry "USA"]
[BlackCountry "USA"]
[WhiteElo "1617"]
[WhiteRD "68"]
[BlackElo "1839"]
[BlackRD "100"]
[GameID "55416"]

1. e4 c5 2. Nf3 e6 3. c4 Nc6 4. d3 Be7 5. g3 Qc7 6. Bg2 Nf6 7. Be3 O-O 8. O-O d5 9. Nbd2 h6 10. Nb3 d4
11. Bd2 a6 12. a4 Rb8 13. Nc1 b5 14. axb5 axb5 15. b3 Ng4 16. h3 Nge5 17. Nxe5 Nxe5 18. Bf4 Bd6 19. Bxe5 Bxe5 20. f4 Bd6
21. e5 Be7 22. Rf2 f6 23. Rfa2 fxe5 24. Ra7 Rb7 25. Bxb7 Bxb7 26. Qf3 Rb8 27. fxe5 Qxe5 28. Rxb7 Rxb7 29. Qxb7 Qxg3+ 30. Qg2 Qe1+
31. Kh2 Bd6+
0-1

[Event "12th SC 1400/1800"]
[Site "SchemingMind.com"]
[Date "2006.06.15"]
[Round "-"]
[White "Ashmaster"]
[Black "Masticore99"]
[Result "0-1"]
[WhiteCountry "IRL"]
[BlackCountry "USA"]
[WhiteElo "1509"]
[WhiteRD "55"]
[BlackElo "1578"]
[BlackRD "73"]
[GameID "55417"]

1. e4 e6 2. d4 d5 3. e5 c5 4. c3 Nc6 5. Nf3 cxd4 6. cxd4 Qb6 7. Bd3 Bb4+ 8. Nc3 Bd7 9. Bd2 Nxd4 10. Nxd4 Qxd4
11. Qe2 a6 12. Rc1 Ne7 13. O-O O-O 14. a3 Bxc3 15. Bxc3 Qb6 16. Qh5 h6 17. Qg4 Bb5 18. Bxb5 Qxb5 19. Bd2 Ng6 20. b4 Qd3
21. Be3 Nxe5 22. Qg3 Ng6 23. h4 d4 24. Bf4 Nxf4 25. Qxd3 Nxd3 26. Rcd1 Nxf2 27. Rxf2 Rac8 28. Rxd4 Rfd8 29. Rxd8+ Rxd8 30. Ra2 f5
31. Kf2 Kf7 32. Ke2 h5 33. Rc2 Rd7 34. Ke3= Kf6 35. Ke2 e5 36. Ke3 g5 37. hxg5+ Kxg5 38. Kf3 e4+ 39. Ke3 Rd3+ 40. Ke2 Kf4
0-1

[Event "12th SC 1400/1800"]
[Site "SchemingMind.com"]
[Date "2006.06.15"]
[Round "-"]
[White "Nephi"]
[Black "Masticore99"]
[Result "1-0"]
[WhiteCountry "ENG"]
[BlackCountry "USA"]
[WhiteElo "1673"]
[WhiteRD "71"]
[BlackElo "1578"]
[BlackRD "73"]
[GameID "55418"]

1. d4 d5 2. Nf3 e6 3. e3 c5 4. c3 Nc6 5. a3 Bd6 6. Bd3 Nf6 7. Nbd2 O-O 8. O-O c4 9. Bc2 b5 10. e4 Bf4
11. h3 h6 12. e5 Nd7 13. Re1 Nb6 14. Nf1 Bxc1 15. Rxc1 Bd7 16. Ne3 a5 17. b4 Qe7 18. Rb1 Ra6 19. Ng4 Rfa8 20. Qd2 axb4
21. axb4 Ra2 22. Qd1 R8a3 23. Re3 Ra6 24. Re2 Na7 25. Qc1 Na4 26. Bh7+ Kxh7 27. Rxa2 Nxc3 28. Qc2+ Ne4 29. Rxa6 Nc6 30. Nd2 Kg8
31. Nxe4 dxe4 32. Qxe4 Nxb4 33. Ra8+ Be8 34. Rxe8+
1-0

[Event "12th SC 1400/1800"]
[Site "SchemingMind.com"]
[Date "2006.06.15"]
[Round "-"]
[White "carpediem"]
[Black "Masticore99"]
[Result "1-0"]
[WhiteCountry "USA"]
[BlackCountry "USA"]
[WhiteElo "1825"]
[WhiteRD "85"]
[BlackElo "1631"]
[BlackRD "70"]
[GameID "55419"]

1. Nf3 d5 2. g3 c5 3. c4 e6 4. Bg2 Nf6 5. b3 Nc6 6. cxd5 exd5 7. e3 Be7 8. O-O O-O 9. Na3 a6 10. d4 Re8
11. Ne5 Nxe5 12. dxe5 Ne4 13. Bb2 Be6 14. f3 Ng5 15. g4 f6 16. exf6 Bxf6 17. Bxf6 Qxf6 18. Nc2 Rad8 19. Qe2 d4 20. exd4 Bxb3
21. Qd3 Bxc2 22. Qxc2 cxd4 23. Rad1 Qc6 24. Qf5 Qd5 25. Qxd5+ Rxd5 26. f4 Rd7 27. fxg5 Re2 28. a4 d3 29. Bf3 Re3 30. Rb1 d2
31. Bxb7 Re1 32. Bf3 Rde7 33. Kg2 Rxf1 34. Rxf1 g6 35. Bd5+ Kh8 36. Bf3 Rd7 37. Kf2 a5 38. Rd1 Kg7 39. Ke3
1-0

[Event "12th SC 1400/1800"]
[Site "SchemingMind.com"]
[Date "2006.06.15"]
[Round "-"]
[White "No Limit"]
[Black "Masticore99"]
[Result "1-0"]
[WhiteCountry "USA"]
[BlackCountry "USA"]
[WhiteElo "1570"]
[WhiteRD "137"]
[BlackElo "1578"]
[BlackRD "73"]
[GameID "55563"]

1. e4 e5 2. Nf3 Nc6 3. Bb5 a6 4. Ba4 Nf6 5. d3 b5 6. Bb3 Bc5 7. c3 d6 8. O-O O-O 9. Ng5 d5 10. exd5 Nxd5
11. c4 bxc4 12. dxc4 Nf6 13. Qf3 Nd4 14. Qxa8 Ne2+ 15. Kh1 Nxc1 16. Rxc1 Bxf2 17. c5 h6 18. Ne4 Be3 19. Nxf6+ Qxf6 20. Re1 Bd2
21. Nxd2 Qf2 22. Qd5 Be6 23. Qd3 Bf5 24. Qf3 Qxd2 25. Qxf5 Qxb2 26. Qxe5 Qf2 27. Re2 Qh4 28. Qxc7 Qg4 29. Rf2 Qd4 30. Raf1 Kh8
31. Bxf7 Rd8 32. Kg1 Rd7 33. Qf4 Qxc5 34. Bg6 Rd8 35. Kh1 Kg8 36. Qf7+
1-0

[Event "12th SC 1400/1800"]
[Site "SchemingMind.com"]
[Date "2006.06.15"]
[Round "-"]
[White "No Limit"]
[Black "Ashmaster"]
[Result "1-0"]
[WhiteCountry "USA"]
[BlackCountry "IRL"]
[WhiteElo "1453"]
[WhiteRD "107"]
[BlackElo "1464"]
[BlackRD "57"]
[GameID "55564"]

1. e4 c5 2. Nf3 d6 3. g3 g6 4. Bg2 Bg7 5. O-O Nc6 6. d3 Bg4 7. c4 Bxf3 8. Qxf3 Nd4 9. Qd1 e6 10. Nd2 Ne7
11. Nb3 Qb6 12. Nxd4 Bxd4 13. Rb1 Bg7 14. a3 O-O-O 15. b4 Qc6 16. bxc5 Qxc5 17. Qa4 Qc6 18. Qxa7 Qa6 19. Qe3 Nc6 20. Rb6 Qa5
21. Rb5 Qa7 22. Rb6 Qa5 23. Rb1 Qa7 24. Qd2 Qb8 25. Bb2 Bxb2 26. Rxb2 Qc7 27. Rfb1 Rd7 28. Rxb7 Qxb7 29. Rxb7 Rxb7 30. Qc2 Kd7
31. Qa4 e5 32. Bh3+ Kc7 33. f4 exf4 34. gxf4 Ra7 35. Qb3 Rb7 36. Qc3 Rg8 37. Qf6 Kb6 38. Qxd6 Rd8 39. c5+ Kb5 40. a4+ Ka6
41. Qxc6+
1-0

[Event "12th SC 1400/1800"]
[Site "SchemingMind.com"]
[Date "2006.06.15"]
[Round "-"]
[White "No Limit"]
[Black "Nephi"]
[Result "0-1"]
[WhiteCountry "USA"]
[BlackCountry "ENG"]
[WhiteElo "1453"]
[WhiteRD "107"]
[BlackElo "1686"]
[BlackRD "67"]
[GameID "55565"]

1. e4 d6 2. d4 g6 3. Nf3 Bg7 4. c3 Nd7 5. Nbd2 Ngf6 6. Bd3 e5 7. Nc4 exd4 8. cxd4 O-O 9. e5 dxe5 10. dxe5 Ng4
11. h3 Ngxe5 12. Ncxe5 Nxe5 13. Nxe5 Bxe5 14. O-O Re8 15. Qb3 Qe7 16. Be3 c6 17. Rae1 Be6 18. Bc4 Bxc4 19. Qxc4 Qc7 20. f4 Bxb2
21. f5 Be5 22. fxg6 hxg6 23. Rf3 b5 24. Qb3 Bd4 25. Ref1 Bxe3+ 26. Rxe3 Rxe3 27. Qxe3 c5 28. Qf3 Rc8 29. Re1 c4 30. Re4 c3
31. Qf6 c2 32. Rh4 c1=Q+ 33. Kf2 Qd2+ 34. Kg1 Qe1+
0-1

[Event "12th SC 1400/1800"]
[Site "SchemingMind.com"]
[Date "2006.06.15"]
[Round "-"]
[White "No Limit"]
[Black "carpediem"]
[Result "0-1"]
[WhiteCountry "USA"]
[BlackCountry "USA"]
[WhiteElo "1287"]
[WhiteRD "84"]
[BlackElo "1825"]
[BlackRD "85"]
[GameID "55566"]

1. e4 c5 2. Nf3 e6 3. Bb5 a6 4. Ba4 b5 5. Nc3 bxa4 6. Nxa4 Bb7 7. d3 d6 8. O-O Be7 9. a3 h6 10. c4 Qc7
11. Nc3 Nf6 12. h3 Nc6 13. Re1 O-O 14. Rb1 Nd4 15. Nxd4 cxd4
0-1

[Event "12th SC 1400/1800"]
[Site "SchemingMind.com"]
[Date "2006.06.15"]
[Round "-"]
[White "Masticore99"]
[Black "No Limit"]
[Result "1-0"]
[WhiteCountry "USA"]
[BlackCountry "USA"]
[WhiteElo "1617"]
[WhiteRD "68"]
[BlackElo "1453"]
[BlackRD "107"]
[GameID "55567"]

1. e4 e5 2. Nf3 d6 3. Bc4 Nf6 4. Nc3 Nbd7 5. Ng5 d5 6. exd5 h6 7. Nge4 Nxe4 8. Nxe4 Nc5 9. d3 f5 10. Qh5+ Kd7
11. Qf7+ Qe7 12. Nxc5+ Kd6 13. Qxe7+ Bxe7 14. Nb3 a6 15. d4 b5 16. dxe5+ Kxe5 17. f4+ Kd6 18. Bd3 Kxd5 19. Be3 Bb4+ 20. c3 Re8
21. Kf2 Bd6 22. Rad1 Bb7 23. Bxb5+ Ke6 24. Bxe8 Rxe8 25. Rhe1 Kf7 26. Nc5 Bc8 27. Nd3 g5 28. fxg5 hxg5 29. Bxg5 Rg8 30. Bf4 Be7
31. Bxc7 Bb7 32. g3 Be4 33. Ne5+ Kf6 34. Nd3 Rc8 35. Ba5 Rc6 36. Nf4 Bc5+ 37. Kf1 Bc2 38. Rd2 Be4 39. Bd8+ Kf7 40. b4 Ba7
41. Rd7+ Ke8 42. Rxa7 Kxd8 43. Rd1+ Kc8 44. Nd5 Rxc3 45. Nxc3
1-0

[Event "12th SC 1400/1800"]
[Site "SchemingMind.com"]
[Date "2006.06.15"]
[Round "-"]
[White "Ashmaster"]
[Black "No Limit"]
[Result "1-0"]
[WhiteCountry "IRL"]
[BlackCountry "USA"]
[WhiteElo "1509"]
[WhiteRD "55"]
[BlackElo "1570"]
[BlackRD "137"]
[GameID "55568"]

1. e4 e5 2. Nf3 Nc6 3. Bb5 a6 4. Ba4 Nf6 5. O-O Bc5 6. Nxe5 Nxe5 7. d4 Bd6 8. dxe5 Bxe5 9. f4 Bd6 10. e5 Bc5+
11. Kh1 Ng8 12. Nc3 b5 13. Bb3 Bb7 14. Qh5 g6 15. Qe2 Nh6 16. Be3 Be7 17. Kg1 Nf5 18. Rad1 Nxe3 19. Qxe3 Qc8 20. Ne4 O-O
21. Nf6+ Bxf6 22. exf6 d6 23. Qh3 Qe8 24. Qh6 Qe3+ 25. Kh1 Bxg2+ 26. Kxg2 Qe4+ 27. Kg1 Qe3+ 28. Rf2
1-0

[Event "12th SC 1400/1800"]
[Site "SchemingMind.com"]
[Date "2006.06.16"]
[Round "-"]
[White "Nephi"]
[Black "No Limit"]
[Result "0-1"]
[WhiteCountry "ENG"]
[BlackCountry "USA"]
[WhiteElo "1673"]
[WhiteRD "71"]
[BlackElo "1570"]
[BlackRD "137"]
[GameID "55569"]

1. d4 Nf6 2. Nc3 d5 3. e4 dxe4 4. f3 exf3 5. Nxf3 c6 6. Bc4 e6 7. Bg5 h6 8. Bxf6 Qxf6 9. O-O c5 10. d5 Be7
11. Qe2 exd5 12. Nxd5 Qd6 13. Rae1 Be6 14. Nxe7 Kxe7 15. Ne5 Qd4+ 16. Qe3 Bxc4 17. Nc6+ Kd6 18. Nxd4 Bxf1 19. Qe5+ Kd7 20. Qe7+ Kc8
21. Nb5 Bxb5 22. Qxc5+ Bc6 23. Re7 Nd7 24. Rxf7 Nxc5
0-1

[Event "12th SC 1400/1800"]
[Site "SchemingMind.com"]
[Date "2006.06.15"]
[Round "-"]
[White "carpediem"]
[Black "No Limit"]
[Result "1-0"]
[WhiteCountry "USA"]
[BlackCountry "USA"]
[WhiteElo "1825"]
[WhiteRD "85"]
[BlackElo "1287"]
[BlackRD "84"]
[GameID "55570"]

1. e4 e5 2. Nf3 Nc6 3. Bb5 a6 4. Ba4 Nf6 5. d3 b5 6. Bb3 Na5 7. Nxe5 Nxb3 8. axb3 d6 9. Nf3 Bg4 10. O-O d5
11. Re1 dxe4 12. dxe4 Qxd1 13. Rxd1 Bxf3 14. gxf3 Bc5 15. Nc3
1-0

[Event "12th SC 1400/1800"]
[Site "SchemingMind.com"]
[Date "2006.06.17"]
[Round "-"]
[White "Dr_Pat"]
[Black "Masticore99"]
[Result "0-1"]
[WhiteCountry "USA"]
[BlackCountry "USA"]
[WhiteElo "1440"]
[WhiteRD "47"]
[BlackElo "1578"]
[BlackRD "73"]
[GameID "55681"]

1. d4 d5 2. c4 e6 3. Nc3 c5 4. e3 Nf6 5. Be2 Bd6 6. Nf3 O-O 7. O-O Nc6 8. cxd5 exd5 9. dxc5 Bxc5 10. h3 Bf5
11. Nh2 Qd6 12. Re1 Rad8 13. Bd3 Bxd3 14. Qxd3 Ne5 15. Qb5 Bb6 16. Rd1 Qc6 17. Qxc6 bxc6 18. b3 Rfe8 19. Na4 c5 20. Nxb6 axb6
21. Bb2 Ne4 22. Bxe5 Rxe5 23. Ng4 Re6 24. f3 Nc3 25. Rd2 f5 26. Nf2 Rxe3 27. Rd3 d4 28. Rxe3 dxe3 29. Nh1 e2 30. Kf2 Rd1
0-1

[Event "12th SC 1400/1800"]
[Site "SchemingMind.com"]
[Date "2006.06.17"]
[Round "-"]
[White "Dr_Pat"]
[Black "Ashmaster"]
[Result "1-0"]
[WhiteCountry "USA"]
[BlackCountry "IRL"]
[WhiteElo "1440"]
[WhiteRD "47"]
[BlackElo "1509"]
[BlackRD "55"]
[GameID "55682"]

1. d4 Nf6 2. c4 e6 3. Nc3 Bb4 4. e3 O-O 5. Nf3 d5 6. Bd3 c5 7. O-O b6 8. cxd5 cxd4 9. exd4 Bxc3 10. bxc3 Nxd5
11. Qd2 Bb7 12. Ng5 Nf6 13. Re1 Nbd7 14. h3 h6 15. Ne4 Rc8 16. Nd6 Rc7 17. Nb5 Rc8 18. Nxa7 Ra8 19. Nb5 Ba6 20. Nd6 Qc7
21. Ne4 Bxd3 22. Qxd3 Nxe4 23. Rxe4 e5 24. dxe5 Nc5 25. Rc4 Nxd3 26. Rxc7 Nxe5 27. Rb7 Rfb8 28. Rxb8+ Rxb8 29. Rb1 Nc4 30. Rb4 Ne5
31. Bf4 Nd3 32. Bxb8 Nxb4 33. a4 Nc6 34. Bc7 Kf8 35. Bxb6 Ke7 36. a5 Kd7 37. a6 Kc8 38. Bd4 g6 39. Be3 h5 40. Bf4 Ne7
41. Bd6 Nd5 42. c4 Nc7 43. Bxc7 Kxc7 44. c5 Kc8 45. c6 Kb8 46. h4 f6 47. f4 f5 48. Kf2
1-0

[Event "12th SC 1400/1800"]
[Site "SchemingMind.com"]
[Date "2006.06.17"]
[Round "-"]
[White "Dr_Pat"]
[Black "Nephi"]
[Result "0-1"]
[WhiteCountry "USA"]
[BlackCountry "ENG"]
[WhiteElo "1440"]
[WhiteRD "47"]
[BlackElo "1673"]
[BlackRD "71"]
[GameID "55683"]

1. d4 d5 2. c4 c6 3. Nc3 Nf6 4. Nf3 e6 5. Bg5 Nbd7 6. e3 Be7 7. Bd3 dxc4 8. Bxc4 b5 9. Bd3 O-O 10. O-O h6
11. Bxf6 Nxf6 12. Re1 Bb7 13. h3 Bd6 14. e4 Bc7 15. Rc1 Rc8 16. e5 Nd5 17. Nxd5 exd5 18. Bf5 Rb8 19. h4 g6 20. Bd3 Kg7
21. h5 g5 22. Qd2 Bc8 23. Nh2 Bd7 24. Re3 Bb6 25. Rg3 Bxd4 26. Nf3 Bb6 27. Nh4 Kh8 28. Nf5 Bxf5 29. Bxf5 c5 30. Qc3 d4
31. Qf3 c4 32. Rd1 Qe7 33. Qe2 Rbd8 34. e6 f6 35. Qd2 Rd5 36. Bh3 f5 37. Kh1 Qxe6 38. Re1 Re5 39. Rxe5 Qxe5 40. Qb4 Rd8
41. f4 Qxf4 42. Rf3 Qc1+ 43. Kh2 Bc7+ 44. g3 Qc2+ 45. Bg2 f4 46. gxf4 Bxf4+ 47. Kh1 d3 48. Qxb5 d2
0-1

[Event "12th SC 1400/1800"]
[Site "SchemingMind.com"]
[Date "2006.06.17"]
[Round "-"]
[White "Dr_Pat"]
[Black "No Limit"]
[Result "1-0"]
[WhiteCountry "USA"]
[BlackCountry "USA"]
[WhiteElo "1474"]
[WhiteRD "49"]
[BlackElo "1453"]
[BlackRD "107"]
[GameID "55684"]

1. d4 Nf6 2. c4 b6 3. Nf3 c5 4. Nc3 d6 5. e3 e6 6. Bd3 g6 7. O-O Bg7 8. Bd2 O-O 9. d5 e5 10. h3 Re8
11. e4 a6 12. Bc2 Bd7 13. Bg5 b5 14. Be3 Qc8 15. a3 Ra7 16. Ne2 Rb7 17. Rb1 bxc4 18. Ba4 Bb5 19. Bxb5 axb5 20. Nc3 b4
21. axb4 cxb4 22. Ne2 Nxe4 23. Ng3 Nxg3 24. fxg3 c3 25. bxc3 bxc3 26. Rxb7 Qxb7 27. Ng5 Rc8 28. Rf2 Na6 29. Ne4 Nb4 30. Nxd6 c2
31. Qc1 Nd3 32. Nxb7 Nxc1 33. Bxc1 e4 34. Nd6 Bd4 35. Nxc8 Bxf2+ 36. Kxf2 f5 37. Ke2 Kf7 38. Kd2 Kf6 39. Kxc2 Ke5 40. d6 Ke6
41. Ba3
1-0

[Event "12th SC 1400/1800"]
[Site "SchemingMind.com"]
[Date "2006.06.17"]
[Round "-"]
[White "Dr_Pat"]
[Black "carpediem"]
[Result "1-0"]
[WhiteCountry "USA"]
[BlackCountry "USA"]
[WhiteElo "1474"]
[WhiteRD "49"]
[BlackElo "1839"]
[BlackRD "100"]
[GameID "55685"]

1. d4 Nf6 2. c4 e6 3. Nc3 c5 4. e3 d5 5. Nf3 Nc6 6. Bd3 Bd6 7. O-O O-O 8. a3 cxd4 9. exd4 e5 10. dxe5 Bxe5
11. Nxe5 Nxe5 12. cxd5 Nxd5 13. Nxd5 Qxd5 14. Bxh7+ Kxh7 15. Qxd5 f6 16. Bf4 Re8 17. Rfe1 Be6 18. Qxb7 a5 19. Bxe5 fxe5 20. Rxe5 Bd7
21. Rxe8
1-0

[Event "12th SC 1400/1800"]
[Site "SchemingMind.com"]
[Date "2006.06.17"]
[Round "-"]
[White "Masticore99"]
[Black "Dr_Pat"]
[Result "1-0"]
[WhiteCountry "USA"]
[BlackCountry "USA"]
[WhiteElo "1578"]
[WhiteRD "73"]
[BlackElo "1440"]
[BlackRD "47"]
[GameID "55686"]

1. e4 c5 2. Nf3 d6 3. d4 cxd4 4. Nxd4 Nf6 5. Nc3 g6 6. Bc4 Bg7 7. f3 O-O 8. Be3 Nc6 9. Qd2 e6 10. Bh6 Bxh6
11. Qxh6 Re8 12. O-O-O a6 13. h4 Nxd4 14. Rxd4 b5 15. Bb3 Qb6 16. Rdd1 a5 17. a3 b4 18. Na4 Qf2 19. g4 Qxf3 20. Rdg1 Bb7
21. h5 Nxg4 22. Rxg4 Qxh1+ 23. Kd2 Qh2+ 24. Kc1 Rac8 25. Qg5 Qh1+ 26. Rg1 Qxe4 27. Qh6 Bd5 28. Kb1 Bxb3 29. hxg6 Qxc2+ 30. Ka1 bxa3
31. gxf7+ Kh8 32. Qg7#
1-0

[Event "12th SC 1400/1800"]
[Site "SchemingMind.com"]
[Date "2006.06.17"]
[Round "-"]
[White "Ashmaster"]
[Black "Dr_Pat"]
[Result "0-1"]
[WhiteCountry "IRL"]
[BlackCountry "USA"]
[WhiteElo "1509"]
[WhiteRD "55"]
[BlackElo "1440"]
[BlackRD "47"]
[GameID "55687"]

1. e4 c5 2. Nf3 d6 3. d4 cxd4 4. Nxd4 Nf6 5. Nc3 e5 6. Nb3 Be6 7. Bb5+ Nc6 8. f4 Be7 9. f5 Bxb3 10. axb3 O-O
11. Be3 a6 12. Bd3 Nb4 13. O-O d5 14. Rf3 Nxd3 15. Qxd3 d4 16. Rg3 dxe3 17. Qxe3 Qd4 18. Qxd4 exd4 19. Ne2 Nxe4 20. Rd3 Rac8
21. Nxd4 Bc5 22. c3 Bxd4+ 23. Rxd4 Nc5 24. Ra3 Rfe8 25. Rd2 Ne4 26. Rd7 b5 27. Rxa6 Nc5 28. Rda7 Nxa6 29. Rxa6 Re1+ 30. Kf2 Rb1
31. Rb6 Rxb2+ 32. Ke3 Rxb3 33. Kd3 Rcxc3+ 34. Ke4 Rc4+ 35. Ke5 Re3+ 36. Kd6 Rd3+ 37. Ke7 Re4+ 38. Re6 Red4 39. Re5 Rd7+ 40. Ke8 Rd8+
41. Ke7 R3d7#
0-1

[Event "12th SC 1400/1800"]
[Site "SchemingMind.com"]
[Date "2006.06.17"]
[Round "-"]
[White "Nephi"]
[Black "Dr_Pat"]
[Result "1-0"]
[WhiteCountry "ENG"]
[BlackCountry "USA"]
[WhiteElo "1673"]
[WhiteRD "71"]
[BlackElo "1440"]
[BlackRD "47"]
[GameID "55688"]

1. e4 c5 2. Nf3 d6 3. d4 cxd4 4. Nxd4 Nf6 5. Nc3 g6 6. f3 Bg7 7. Bc4 Qc7 8. Bb3 O-O 9. Be3 Nbd7 10. Qd2 Nc5
11. O-O a6 12. Nd5 Nxd5 13. exd5 Nxb3 14. axb3 b5 15. c3 Bb7 16. Ne2 e6 17. dxe6 fxe6 18. Rad1 Rad8 19. Nd4 Bxd4 20. Bxd4 e5
21. Be3 e4 22. fxe4 Bxe4 23. Rxf8+ Rxf8 24. Qxd6 Qxd6 25. Rxd6 a5 26. Re6 Bc2 27. Rb6 Rf5 28. Bd4 Bxb3 29. Rb8+ Rf8 30. Rxb5 a4
31. Rb7 Rf7 32. Rb8+ Rf8 33. Rb6 Re8 34. Rb7 h5 35. Rg7+ Kf8 36. Rxg6
1-0

[Event "12th SC 1400/1800"]
[Site "SchemingMind.com"]
[Date "2006.06.17"]
[Round "-"]
[White "No Limit"]
[Black "Dr_Pat"]
[Result "1/2-1/2"]
[WhiteCountry "USA"]
[BlackCountry "USA"]
[WhiteElo "1570"]
[WhiteRD "137"]
[BlackElo "1440"]
[BlackRD "47"]
[GameID "55689"]

1. e4 c5 2. Nf3 d6 3. d4 cxd4 4. Nxd4 Nf6 5. Nc3 g6 6. Bd3 Bg7 7. O-O Nc6 8. Nf3 O-O 9. Be3 Be6 10. Qd2 Ng4
11. h3 Nge5 12. Nxe5 Nxe5 13. Nd5 Bxd5 14. exd5 Nxd3 15. Qxd3 Bxb2 16. Rab1 Bg7 17. Rxb7 Qa5 18. Rxe7 Qxa2 19. Bg5 a5 20. Rd7 f6
21. Bf4 Rfd8 22. Rxd6 Rxd6 23. Bxd6 Rd8 24. Bc7 Rxd5 25. Qa6 Rd2 26. Bd6=
1/2-1/2